[Event "MAS-ch (Women)"]
[Site "Pontian"]
[Date "2024.04.23"]
[Round "5"]
[White "Mamat, Farhan"]
[Black "Mohd Azamanizam, Azraa Adeline Azman"]
[Result "0-1"]
[WhiteElo "1494"]
[BlackElo "1587"]
[PlyCount "72"]
[EventDate "2024.04.21"]
[EventType "swiss"]
[EventRounds "9"]
[EventCountry "MAS"]
[SourceTitle "EXT 2025"]
[Source "ChessBase"]
[SourceDate "2024.10.14"]
[SourceVersion "1"]
[SourceVersionDate "2024.10.14"]
[SourceQuality "1"]

1. e4 c5 2. Nf3 g6 3. d4 cxd4 4. Nxd4 Bg7 5. Nc3 Nc6 6. Nb3 Nf6 7. Be2 0-0 8. 0-0 d6 9. Be3 Be6 10. f4 Na5 11. Nxa5 Qxa5 12. h3 Rac8 13. a3 Bc4 14. Bxc4 Rxc4 15. Qd3 Rfc8 16. Kh2 Ne8 17. Bd2 e6 18. Ne2 Qb6 19. c3 Nf6 20. Ng3 d5 21. e5 Ne4 22. Rfe1 Nxg3 23. Kxg3 d4 24. Re4 Qxb2 25. Rc1 Qxa3 26. Rxd4 Rxd4 27. Qxd4 Qc5 28. Qe4 Qc6 29. Qe3 a6 30. c4 Bf8 31. Kh2 Bc5 32. Qe2 Ba3 33. Ra1 Bb2 34. Rb1 Bd4 35. Rc1 Qa4 36. Qd3 Ba7 0-1

[Event "MAS-ch (Women)"]
[Site "Pontian"]
[Date "2024.04.21"]
[Round "1"]
[White "Nithyalakshmi, Sivanesan"]
[Black "Mohd Azamanizam, Azraa Adeline Azman"]
[Result "0-1"]
[WhiteElo "1905"]
[BlackElo "1587"]
[PlyCount "76"]
[EventDate "2024.04.21"]
[EventType "swiss"]
[EventRounds "9"]
[EventCountry "MAS"]
[SourceTitle "EXT 2025"]
[Source "ChessBase"]
[SourceDate "2024.10.14"]
[SourceVersion "1"]
[SourceVersionDate "2024.10.14"]
[SourceQuality "1"]

1. e4 c5 2. Nc3 g6 3. f4 Bg7 4. Nf3 e6 5. Bc4 Nc6 6. 0-0 Nge7 7. d3 d5 8. Bb5 0-0 9. Bxc6 Nxc6 10. Qe1 a6 11. Qg3 b5 12. Kh1 Nb4 13. Ne1 Bf6 14. a3 Bh4 15. Qh3 Bxe1 16. axb4 cxb4 17. Nxb5 Bd7 18. Rxe1 Bxb5 19. e5 Rc8 20. Re2 Rc7 21. Qh6 f6 22. Be3 Qe7 23. Bd4 f5 24. Rd2 Rfc8 25. c3 bxc3 26. bxc3 Qd7 27. Rg1 Qg7 28. Qh3 Rf8 29. Rb2 h6 30. g4 Kh7 31. Rbg2 fxg4 32. Rxg4 Be8 33. Qe3 Rf5 34. Bc5 Qd7 35. Rb1 Rb7 36. Rgg1 Rb5 37. Bd6 d4 38. cxd4 Qb7+ 0-1

[Event "Penang op-A 15th"]
[Site "Penang"]
[Date "2023.12.18"]
[Round "1"]
[White "Mohd Azamanizam, Azraa Adeline Azman"]
[Black "Setiawan, David"]
[Result "0-1"]
[WhiteElo "1432"]
[BlackElo "1942"]
[PlyCount "52"]
[EventDate "2023.12.18"]
[EventType "swiss"]
[EventRounds "9"]
[EventCountry "MAS"]
[SourceTitle "CBM 217 Extra"]
[Source "ChessBase"]
[SourceDate "2024.01.31"]
[SourceVersion "1"]
[SourceVersionDate "2024.01.31"]
[SourceQuality "1"]

1. d4 Nf6 2. Bf4 d5 3. e3 c5 4. c3 Nc6 5. Nd2 Qb6 6. Qb3 c4 7. Qc2 g6 8. e4 e6 9. Rb1 Bg7 10. Ngf3 0-0 11. Be2 Nxe4 12. Nxe4 dxe4 13. Qxe4 e5 14. Be3 Bf5 15. Qh4 Bxb1 16. d5 Qxb2 17. dxc6 Bd3 18. Bd2 e4 19. Ng5 h6 20. Nh3 e3 21. fxe3 Bxc3 22. Bxd3 Qxd2+ 23. Kf1 cxd3 24. cxb7 Qe2+ 25. Kg1 d2 26. Nf2 Qe1# 0-1

[Event "Johor op-A 7th"]
[Site "Johor"]
[Date "2022.12.30"]
[Round "8"]
[White "Mohd Azamanizam, Azraa Adeline Azman"]
[Black "Juhar, Muhd Luqman"]
[Result "1/2-1/2"]
[WhiteElo "1301"]
[BlackElo "1185"]
[PlyCount "114"]
[EventDate "2022.12.26"]
[EventType "swiss"]
[EventRounds "9"]
[EventCountry "MAS"]
[SourceTitle "CBM 212 Extra"]
[Source "ChessBase"]
[SourceDate "2023.03.31"]
[SourceVersion "1"]
[SourceVersionDate "2023.03.31"]
[SourceQuality "1"]

1. d4 d5 2. Bf4 c5 3. e3 Nc6 4. c3 cxd4 5. exd4 Qb6 6. Qb3 Nf6 7. Bd3 Bg4 8. Nd2 e6 9. Ngf3 Nh5 10. Qxb6 axb6 11. Bc7 Be7 12. Bxb6 Nf4 13. Bf1 Bd6 14. g3 Nh3 15. Bxh3 Bxh3 16. Ng5 Bf5 17. Nb3 f6 18. Nf3 Be4 19. Ke2 Ra6 20. Bc5 Bc7 21. Ba3 b6 22. Nbd2 Bg6 23. Rhe1 e5 24. dxe5 fxe5 25. Kf1 Bd3+ 26. Kg2 Kf7 27. Nf1 e4 28. N3d2 b5 29. Nb3 Ne5 30. Nc5 Rf6 31. Nxd3 Nxd3 32. Re2 Bb6 33. Ne3 Rd8 34. Rf1 Rf3 35. Rd2 d4 36. Rxd3 dxe3 37. Rxd8 Bxd8 38. fxe3 Rxf1 39. Kxf1 Ke6 40. g4 Kd5 41. Ke2 Kc4 42. Kd2 Bc7 43. b3+ Kd5 44. h3 g6 45. Be7 h5 46. gxh5 gxh5 47. Bg5 Bd6 48. Ke2 Be5 49. Kd2 Bd6 50. Bf4 Be7 51. a4 bxa4 52. bxa4 Bd8 53. Kc2 Kc4 54. Be5 Bb6 55. Bd4 Bc7 56. Kb2 Ba5 57. Ka3 Bc7 1/2-1/2

[Event "Johor op-A 7th"]
[Site "Johor"]
[Date "2022.12.27"]
[Round "2"]
[White "Mohd Azamanizam, Azraa Adeline Azman"]
[Black "Guan, Zhen Chuan"]
[Result "1/2-1/2"]
[WhiteElo "1301"]
[BlackElo "1574"]
[PlyCount "51"]
[EventDate "2022.12.26"]
[EventType "swiss"]
[EventRounds "9"]
[EventCountry "MAS"]
[SourceTitle "CBM 212 Extra"]
[Source "ChessBase"]
[SourceDate "2023.03.31"]
[SourceVersion "1"]
[SourceVersionDate "2023.03.31"]
[SourceQuality "1"]

1. d4 d5 2. Bf4 Bf5 3. e3 e6 4. Bd3 Nf6 5. Nf3 Nbd7 6. c3 Ne4 7. Qc2 f6 8. Nbd2 g5 9. Bg3 h5 10. h3 Nxg3 11. fxg3 Bxd3 12. Qxd3 f5 13. 0-0-0 Qe7 14. g4 Qf6 15. gxf5 exf5 16. Qb5 0-0-0 17. Qxd5 Bh6 18. e4 fxe4 19. Nxe4 Qf4+ 20. Nfd2 g4 21. Rhf1 Qe3 22. Kc2 Qe2 23. Rf2 Qa6 24. Qc4 Qg6 25. Qf7 Qa6 26. Qc4 1/2-1/2

[Event "Johor op-A 7th"]
[Site "Johor"]
[Date "2022.12.26"]
[Round "1"]
[White "Sidabutar, Uriel Noah Oloan"]
[Black "Mohd Azamanizam, Azraa Adeline Azman"]
[Result "1-0"]
[WhiteElo "1776"]
[BlackElo "1301"]
[PlyCount "77"]
[EventDate "2022.12.26"]
[EventType "swiss"]
[EventRounds "9"]
[EventCountry "MAS"]
[SourceTitle "CBM 212 Extra"]
[Source "ChessBase"]
[SourceDate "2023.03.31"]
[SourceVersion "1"]
[SourceVersionDate "2023.03.31"]
[SourceQuality "1"]

1. Nf3 Nf6 2. d4 e6 3. e3 d5 4. Bd3 Be7 5. b3 b6 6. Bb2 Bb7 7. Nbd2 0-0 8. c4 Ne4 9. Qc2 f5 10. 0-0 Rf6 11. Ne5 Na6 12. a3 Bd6 13. Rad1 Bxe5 14. dxe5 Rh6 15. cxd5 exd5 16. Nf3 Nac5 17. Bc4 c6 18. b4 Ne6 19. b5 Rc8 20. Qe2 c5 21. h3 Rc7 22. Rd3 N6g5 23. Rfd1 Rd7 24. Nxg5 Nxg5 25. Bxd5+ Bxd5 26. Rxd5 Rxd5 27. Qc4 Qe7 28. Rxd5 Qe6 29. Rd8+ Kf7 30. Qd3 Rg6 31. Kh2 Ne4 32. f3 Ng3 33. Rd6 c4 34. Qd1 Qe7 35. Rd7 Nf1+ 36. Kh1 Nxe3 37. Rxe7+ Kxe7 38. Qd4 Nxg2 39. Qxc4 1-0